Carregando...
Diplomatic norms and etiquette:with treaties and conventions
| Autor principal: | |
|---|---|
| Formato: | Printed Book |
| Publicado em: |
N.Delhi
Sheriden Book
1995
|
| LEADER | 00411nam a22001217a 4500 | ||
|---|---|---|---|
| 020 | |a 8190041827 | ||
| 100 | |a Tom-George, Minabere |9 460 | ||
| 245 | |a Diplomatic norms and etiquette:with treaties and conventions | ||
| 260 | |a N.Delhi |b Sheriden Book |c 1995 | ||
| 300 | |a 400p. | ||
| 942 | |c REF |6 _ | ||
| 999 | |c 184508 |d 184508 | ||
| 952 | |0 0 |1 0 |4 0 |6 3417_TOM |7 0 |9 237905 |a SLS |b SLS |d 2008-12-30 |o 341.7 TOM |p SLS018653 |r 2008-12-30 |w 2008-12-30 |y REF | ||